000 00890nam a22002177a 4500
999 _c17081
_d17081
003 AR-CdUCM
008 190507b ||||| |||| 00| 0 spa d
040 _aMUNICIPALIDAD PROVINCIAL DEL CUSCO
_cBIBLIOTECA MUNICIPAL DEL CUSCO
082 _a323.4 /
_bG37 / 1945
110 _aCentro de estudio y promoción del desarrollo
_99897
245 _aGenocidio económico en el cono sur :
_bDerechos humanos y gran capital /
260 _aLima :
_bDESCO,
_c1945.
300 _a115 páginas ;
_c18 cm.
440 _aÁrea de estudios políticos
_936911
505 _aContenido : Concepción histórica e interés actual de los derechos humanos -- Origen y desarrollo historicos -- El contexto histórico de la declaración universal ...
650 _aGenocidio
_936912
650 _aEconómico
_918840
650 _aDerechos humanos
_93264
942 _2ddc
_cLIBROS
945 _arah
_d07/05/2019